[Event "POL-chT 2nd League"]
[Site "Jastrzebia Gora"]
[Date "2024.08.31"]
[Round "1.53"]
[White "Adamski, Adam"]
[Black "Strzelecki, Jerzy"]
[Result "1/2-1/2"]
[WhiteElo "1826"]
[BlackElo "1931"]
[PlyCount "49"]
[EventDate "2024.08.31"]
[EventType "team-swiss"]
[EventRounds "9"]
[EventCountry "POL"]
[SourceTitle "EXT 2025"]
[Source "ChessBase"]
[SourceDate "2024.10.14"]
[SourceVersion "1"]
[SourceVersionDate "2024.10.14"]
[SourceQuality "1"]
[WhiteTeam "Bialoleka Sparta"]
[BlackTeam "Lodz Okucia Budowlane"]
[WhiteTeamCountry "POL"]
[BlackTeamCountry "POL"]

1. e4 c5 2. b3 d6 3. Bb2 Nc6 4. Bb5 Nf6 5. d3 e5 6. Ne2 Be7 7. 0-0 0-0 8. Bxc6 bxc6 9. f4 Ng4 10. Qd2 exf4 11. Nxf4 Bf6 12. Bxf6 Qxf6 13. Nc3 Qe5 14. Rae1 Bd7 15. h3 Nh6 16. Nfe2 Rad8 17. Qf4 f6 18. Qxe5 fxe5 19. Rf2 Rxf2 20. Kxf2 Kf7 21. Ke3 Ke7 22. Rf1 Ng8 23. Ng3 Nf6 24. Na4 g6 25. Ne2 1/2-1/2

[Event "Warsaw YMCA Autumn-A 278th"]
[Site "Warsaw"]
[Date "2023.09.28"]
[Round "2"]
[White "Adamski, Adam"]
[Black "Basiaga, Sebastian"]
[Result "1/2-1/2"]
[WhiteElo "1761"]
[BlackElo "1856"]
[PlyCount "189"]
[EventDate "2023.09.22"]
[EventType "tourn"]
[EventRounds "13"]
[EventCountry "POL"]
[SourceTitle "EXT 2025"]
[Source "ChessBase"]
[SourceDate "2024.10.14"]
[SourceVersion "1"]
[SourceVersionDate "2024.10.14"]
[SourceQuality "1"]

1. e4 e5 2. Nf3 Nc6 3. c3 d5 4. Qa4 Qd6 5. d4 Bd7 6. Qb3 exd4 7. exd5 Na5 8. Qd1 Qxd5 9. Qxd4 Qxd4 10. Nxd4 0-0-0 11. Be3 Nf6 12. Be2 Nd5 13. Nc2 Nc6 14. 0-0 Re8 15. Bc4 Nxe3 16. Nxe3 Ne5 17. Be2 Bc5 18. Nd2 f5 19. Nec4 Ng4 20. Bxg4 fxg4 21. b4 Be7 22. Ne3 Bf6 23. Nd5 Bd8 24. Rfe1 c6 25. Ne3 Bf6 26. Rac1 Re6 27. Nb3 b6 28. Red1 Bg5 29. Rd3 Re7 30. Rcd1 Rhe8 31. g3 Bxe3 32. fxe3 Bf5 33. Rd6 Kc7 34. Kf2 Be4 35. R6d2 Bd5 36. Re1 Rf7+ 37. Kg1 Rf3 38. Rd4 h5 39. c4 Bf7 40. Red1 Re7 41. e4 Re3 42. Rf1 Bg6 43. Nd2 Rc3 44. a4 Ra3 45. c5 Rxa4 46. cxb6+ axb6 47. Rc1 Rd7 48. Rdc4 Rd6 49. e5 Re6 50. Re1 b5 51. Rf4 Ra3 52. Rd4 Bf5 53. Kf2 g6 54. Kg1 Re8 55. Kf2 Rd8 56. Rxd8 Kxd8 57. Rc1 Ra2 58. Ke1 Ke7 59. Rc3 Kd7 60. Ke2 Be4 61. Ke3 Bd5 62. Rd3 Ke6 63. Kf4 Ra1 64. Kg5 Rh1 65. Nb3 Bxb3 66. Rxb3 Rxh2 67. Kxg6 Kxe5 68. Rc3 Kd6 69. Rd3+ Kc7 70. Kg5 Rb2 71. Rd4 Rb3 72. Kh4 Re3 73. Rf4 Re5 74. Rd4 Kb6 75. Rf4 Kc7 76. Rf7+ Kd6 77. Rf6+ Kd5 78. Rxc6 Kd4 79. Rc3 Re1 80. Rc5 Rh1+ 81. Kg5 Ke3 82. Rxb5 Kf3 83. Rc5 Kxg3 84. Rc3+ Kf2 85. Rc2+ Kf3 86. Rc3+ Kf2 87. Rc2+ Ke3 88. b5 g3 89. b6 Rb1 90. Kh4 Rb3 91. b7 Rxb7 92. Kxg3 Rb4 93. Rc3+ Kd2 94. Rc5 h4+ 95. Kh3 1/2-1/2

[Event "Warsaw Maciei Memorial"]
[Site "Warsaw"]
[Date "2023.07.10"]
[Round "4"]
[White "Golecki, Jan"]
[Black "Adamski, Adam"]
[Result "1-0"]
[WhiteElo "2162"]
[BlackElo "1790"]
[PlyCount "57"]
[EventDate "2023.07.10"]
[EventType "swiss (blitz)"]
[EventRounds "11"]
[EventCountry "POL"]
[SourceTitle "CBM 215 Extra"]
[Source "ChessBase"]
[SourceDate "2023.09.30"]
[SourceVersion "1"]
[SourceVersionDate "2023.09.30"]
[SourceQuality "1"]

1. e4 c5 2. Nf3 d6 3. d4 cxd4 4. Qxd4 a6 5. c4 Nc6 6. Qe3 Nf6 7. Nc3 e6 8. Be2 Be7 9. 0-0 0-0 10. Rd1 Qc7 11. b3 Nd7 12. Bb2 Nde5 13. Nxe5 Nxe5 14. Rac1 Bd7 15. f4 Ng6 16. Kh1 d5 17. f5 Bc5 18. Qd2 Nf4 19. cxd5 Nxe2 20. Nxe2 Qb6 21. dxe6 Bb5 22. f6 Be3 23. Qc3 Bxc1 24. fxg7 Rfd8 25. exf7+ Kxf7 26. Rf1+ Kg6 27. Qg3+ Kh6 28. Qh4+ Kg6 29. Rf6+ 1-0

[Event "Lorca Christmas op"]
[Site "Lorca"]
[Date "2022.12.26"]
[Round "1"]
[White "Adamski, Adam"]
[Black "Materia, Marco"]
[Result "0-1"]
[WhiteElo "1894"]
[BlackElo "2396"]
[PlyCount "94"]
[EventDate "2022.12.26"]
[EventType "swiss"]
[EventRounds "9"]
[EventCountry "ESP"]
[SourceTitle "CBM 211 Extra"]
[Source "ChessBase"]
[SourceDate "2023.01.31"]
[SourceVersion "1"]
[SourceVersionDate "2023.01.31"]
[SourceQuality "1"]

1. e4 c5 2. b3 g6 3. Bb2 Nf6 4. Qf3 d6 5. Bb5+ Nc6 6. Bxc6+ bxc6 7. e5 dxe5 8. Bxe5 Bg7 9. Nc3 0-0 10. Nge2 Bg4 11. Qe3 Bf5 12. Bxf6 Bxf6 13. d3 Qa5 14. Qd2 Rfd8 15. 0-0 Rab8 16. Rad1 Bg7 17. Na4 Qxd2 18. Rxd2 c4 19. bxc4 Rb4 20. Nc5 Rxc4 21. Nb7 Rd7 22. Rb1 Bh6 23. f4 Bxf4 24. Nxf4 Rxf4 25. Re2 Kg7 26. Re5 Rfd4 27. Ra5 R4d5 28. Ra6 Rc7 29. Na5 Rxd3 30. cxd3 Bxd3 31. Rxc6 Rxc6 32. Nxc6 Bxb1 33. a3 Kf6 34. Nxa7 Be4 35. Kf2 e5 36. Nb5 Ke6 37. Nc3 Bb7 38. g3 f5 39. Ke3 g5 40. Nb5 f4+ 41. gxf4 gxf4+ 42. Kf2 e4 43. a4 e3+ 44. Ke1 f3 45. Nc3 f2+ 46. Kf1 Ke5 47. Nb5 Bc8 0-1

[Event "POL-ch blitz"]
[Site "Suwalki"]
[Date "2022.09.24"]
[Round "5"]
[White "Anuszkiewicz, Konrad"]
[Black "Adamski, Adam"]
[Result "1-0"]
[WhiteElo "2249"]
[BlackElo "1886"]
[PlyCount "119"]
[EventDate "2022.09.24"]
[EventType "swiss (blitz)"]
[EventRounds "15"]
[EventCountry "POL"]
[SourceTitle "CBM 210 Extra"]
[Source "ChessBase"]
[SourceDate "2022.11.30"]
[SourceVersion "1"]
[SourceVersionDate "2022.11.30"]
[SourceQuality "1"]

1. d4 Nf6 2. c4 g6 3. Nc3 d5 4. cxd5 Nxd5 5. e4 Nxc3 6. bxc3 Bg7 7. Bc4 c5 8. Ne2 0-0 9. 0-0 Nc6 10. Be3 Bg4 11. f3 Na5 12. Bb5 cxd4 13. cxd4 Be6 14. Qa4 b6 15. Rac1 Rc8 16. d5 Rxc1 17. Rxc1 Bc8 18. Nd4 Qd6 19. g3 e5 20. dxe6 Bxe6 21. Nxe6 Qxe6 22. f4 Rd8 23. Be2 h5 24. Bf3 Qd7 25. Qxd7 Rxd7 26. Rc8+ Kh7 27. Ra8 Nc4 28. Bf2 Nd2 29. Kg2 Nxf3 30. Kxf3 Rc7 31. e5 f6 32. exf6 Bxf6 33. h3 Bc3 34. g4 hxg4+ 35. hxg4 Bb4 36. Ke4 Bc5 37. Bh4 a5 38. Bf6 g5 39. Bxg5 Be7 40. Bxe7 Rxe7+ 41. Kf5 Re2 42. Ra7+ Kg8 43. Kg6 Re6+ 44. Kg5 Re2 45. f5 Rxa2 46. Kg6 Kf8 47. Ra8+ Ke7 48. f6+ Kd7 49. f7 Rf2 50. f8Q Rxf8 51. Rxf8 a4 52. Kf6 b5 53. g5 a3 54. g6 b4 55. g7 b3 56. g8Q b2 57. Qe6+ Kc7 58. Rf7+ Kd8 59. Qe7+ Kc8 60. Qc7# 1-0

[Event "Warsaw Szansa op"]
[Site "Warsaw"]
[Date "2022.09.18"]
[Round "11"]
[White "Adamski, Adam"]
[Black "Pires, Emanuel Joao Robart"]
[Result "0-1"]
[WhiteElo "1886"]
[BlackElo "1999"]
[PlyCount "24"]
[EventDate "2022.09.17"]
[EventType "swiss (rapid)"]
[EventRounds "11"]
[EventCountry "POL"]
[SourceTitle "EXT 2023"]
[Source "ChessBase"]
[SourceDate "2022.10.05"]
[SourceVersion "1"]
[SourceVersionDate "2022.10.05"]
[SourceQuality "1"]

1. e4 e6 2. b3 d5 3. Bb2 dxe4 4. Nc3 Nf6 5. Qe2 Be7 6. g4 h6 7. h4 Nc6 8. 0-0-0 Nd4 9. Qe1 e5 10. Nxe4 Bxg4 11. Nxf6+ Bxf6 12. Ne2 Nf3 0-1

[Event "Warsaw Chess op-A"]
[Site "Warsaw"]
[Date "2022.07.23"]
[Round "6"]
[White "Darda, Roman"]
[Black "Adamski, Adam"]
[Result "1/2-1/2"]
[WhiteElo "1963"]
[BlackElo "1784"]
[PlyCount "69"]
[EventDate "2022.07.18"]
[EventType "swiss"]
[EventRounds "9"]
[EventCountry "POL"]
[SourceTitle "CBM 209 Extra"]
[Source "ChessBase"]
[SourceDate "2022.09.30"]
[SourceVersion "1"]
[SourceVersionDate "2022.09.30"]
[SourceQuality "1"]

1. Nf3 Nf6 2. g3 d5 3. Bg2 g6 4. 0-0 Bg7 5. d3 0-0 6. Nbd2 Nbd7 7. e4 dxe4 8. dxe4 e5 9. Qe2 c6 10. Nc4 Qc7 11. a4 Ne8 12. Ng5 h6 13. Nh3 Nd6 14. f4 Nxc4 15. Qxc4 Nb6 16. Qc5 Bxh3 17. Bxh3 exf4 18. gxf4 Rad8 19. c3 Rd3 20. Kg2 Qd8 21. Qf2 Nc4 22. Bg4 Nd2 23. Re1 Re8 24. Bxd2 Rxd2 25. Re2 Rd3 26. Bf3 Qf6 27. Rd2 Red8 28. Rad1 Rxd2 29. Rxd2 a6 30. Bg4 h5 31. Rxd8+ Qxd8 32. Bf3 Bh6 33. f5 Qg5+ 34. Qg3 Kg7 35. Qxg5 1/2-1/2

[Event "Warsaw Chess op-A"]
[Site "Warsaw"]
[Date "2022.07.20"]
[Round "3"]
[White "Adamski, Adam"]
[Black "Yunusov, Mukhammad"]
[Result "1-0"]
[WhiteElo "1784"]
[BlackElo "1874"]
[PlyCount "83"]
[EventDate "2022.07.18"]
[EventType "swiss"]
[EventRounds "9"]
[EventCountry "POL"]
[SourceTitle "CBM 209 Extra"]
[Source "ChessBase"]
[SourceDate "2022.09.30"]
[SourceVersion "1"]
[SourceVersionDate "2022.09.30"]
[SourceQuality "1"]

1. e4 c5 2. Nf3 d6 3. d4 cxd4 4. Nxd4 Nf6 5. Nc3 Nc6 6. Bg5 Bd7 7. Qd2 Rc8 8. 0-0-0 Nxd4 9. Qxd4 Qa5 10. Bd2 Qc5 11. Qxc5 dxc5 12. Bf4 Bc6 13. Nb5 e5 14. Bxe5 Ng4 15. Bg3 Be7 16. h3 Nf6 17. Nc7+ Kf8 18. f3 Bxe4 19. fxe4 Nxe4 20. Bh2 Nf2 21. Bc4 Nxh1 22. Rxh1 h5 23. Rf1 Bf6 24. Bd6+ Kg8 25. Nd5 Rh6 26. Rxf6 Rxf6 27. Ne7+ Kf8 28. Nxc8+ Ke8 29. Bb5+ Kd8 30. Be7+ Kxc8 31. Bxf6 gxf6 32. Bc4 h4 33. Kd2 Kd7 34. Bxf7 Kd6 35. Ke3 Ke5 36. Bh5 b5 37. c3 a5 38. a3 f5 39. Be8 b4 40. cxb4 axb4 41. axb4 cxb4 42. Bc6 1-0

[Event "Warsaw Najdorf Memorial op-A 19th"]
[Site "Warsaw"]
[Date "2022.07.09"]
[Round "1"]
[White "Gorkiewicz, Mateusz"]
[Black "Adamski, Adam"]
[Result "1/2-1/2"]
[WhiteElo "2023"]
[BlackElo "1784"]
[PlyCount "88"]
[EventDate "2022.07.09"]
[EventType "swiss"]
[EventRounds "9"]
[EventCountry "POL"]
[SourceTitle "CBM 209 Extra"]
[Source "ChessBase"]
[SourceDate "2022.09.30"]
[SourceVersion "1"]
[SourceVersionDate "2022.09.30"]
[SourceQuality "1"]

1. e4 c5 2. Nf3 d6 3. d4 cxd4 4. Qxd4 a6 5. c4 Nc6 6. Qe3 g6 7. Be2 Bg7 8. 0-0 Nf6 9. h3 0-0 10. Nc3 Nd7 11. Rb1 Qb6 12. Qxb6 Nxb6 13. Nd5 Nxd5 14. cxd5 Nd4 15. Nxd4 Bxd4 16. Bh6 Rd8 17. Rfc1 Bd7 18. Rc7 Rab8 19. Be3 Bxe3 20. fxe3 Kf8 21. Kf2 h5 22. Ke1 Ke8 23. Kd2 Rdc8 24. Rxc8+ Rxc8 25. g4 hxg4 26. hxg4 g5 27. Rh1 f6 28. Rh7 Kf8 29. Bf3 Ke8 30. b3 Kd8 31. e5 fxe5 32. Rg7 Ke8 33. Rxg5 Kf7 34. Be4 Rh8 35. Rh5 Rxh5 36. gxh5 Kg7 37. Bf3 Kh6 38. Kc3 Be8 39. Bg4 a5 40. a4 Kg5 41. h6 Kxh6 42. Kc4 Kg5 43. Bc8 b6 44. Bb7 Kf5 1/2-1/2

[Event "Warsaw YMCA Autumn-A2 252nd"]
[Site "Warsaw"]
[Date "2021.11.19"]
[Round "9"]
[White "Adamski, Adam"]
[Black "Niedbal, Piotr"]
[Result "1/2-1/2"]
[WhiteElo "1704"]
[BlackElo "1837"]
[PlyCount "75"]
[EventDate "2021.10.01"]
[EventType "tourn"]
[EventRounds "13"]
[EventCountry "POL"]
[SourceTitle "EXT 2023"]
[Source "ChessBase"]
[SourceDate "2022.10.05"]
[SourceVersion "1"]
[SourceVersionDate "2022.10.05"]
[SourceQuality "1"]

1. e4 c5 2. Nf3 e6 3. d4 cxd4 4. Nxd4 Nc6 5. Nc3 Qc7 6. Be2 a6 7. 0-0 Nf6 8. Be3 Bb4 9. Nxc6 bxc6 10. Na4 Be7 11. Nb6 Rb8 12. Nxc8 Qxc8 13. Bd4 c5 14. Be5 Rb6 15. Qd3 d6 16. Bc3 0-0 17. b3 d5 18. exd5 exd5 19. Rad1 d4 20. Ba5 Re6 21. Bf3 Bd8 22. Bd2 Rfe8 23. Rfe1 Rxe1+ 24. Rxe1 Rxe1+ 25. Bxe1 Qe6 26. Qe2 Qxe2 27. Bxe2 a5 28. Bf3 Kf8 29. Bd2 Ke7 30. Kf1 Ke6 31. Ke2 Nd5 32. Bxd5+ Kxd5 33. Kd3 Bc7 34. h3 g6 35. c3 dxc3 36. Bxc3 Bb6 37. Bd2 Bc7 38. Bc3 1/2-1/2

[Event "Warsaw YMCA Autumn-A2 252nd"]
[Site "Warsaw"]
[Date "2021.11.12"]
[Round "8"]
[White "Kalejta, Arkadiusz"]
[Black "Adamski, Adam"]
[Result "1-0"]
[WhiteElo "1784"]
[BlackElo "1704"]
[PlyCount "47"]
[EventDate "2021.10.01"]
[EventType "tourn"]
[EventRounds "13"]
[EventCountry "POL"]
[SourceTitle "EXT 2023"]
[Source "ChessBase"]
[SourceDate "2022.10.05"]
[SourceVersion "1"]
[SourceVersionDate "2022.10.05"]
[SourceQuality "1"]

1. e4 c6 2. d4 d5 3. e5 c5 4. dxc5 e6 5. b4 a5 6. c3 axb4 7. cxb4 b6 8. Bb5+ Bd7 9. Qd3 bxc5 10. bxc5 Qa5+ 11. Nc3 Bxc5 12. Bd2 Qc7 13. Nf3 Nc6 14. 0-0 Nge7 15. Na4 Nb4 16. Bxb4 Bxb4 17. Bxd7+ Qxd7 18. Nb6 Ra3 19. Qxa3 Bxa3 20. Nxd7 Kxd7 21. Rab1 Rc8 22. Rb3 Bc1 23. Rb7+ Ke8 24. a4 1-0

[Event "Rubinstein Memorial op-D 57th"]
[Site "Polanica Zdroj"]
[Date "2021.08.16"]
[Round "3"]
[White "Adamski, Adam"]
[Black "Kowalik, Bartosz"]
[Result "0-1"]
[WhiteElo "1756"]
[BlackElo "1479"]
[PlyCount "92"]
[EventDate "2021.08.14"]
[EventType "swiss"]
[EventRounds "9"]
[EventCountry "POL"]
[SourceTitle "CBM 204 Extra"]
[Source "ChessBase"]
[SourceDate "2021.11.30"]
[SourceVersion "1"]
[SourceVersionDate "2021.11.30"]
[SourceQuality "1"]

1. e4 c5 2. Nf3 d6 3. d4 cxd4 4. Nxd4 Nf6 5. Nc3 a6 6. Bg5 e6 7. f4 Be7 8. Qf3 Qc7 9. Bd3 Nbd7 10. h3 b5 11. a3 Nc5 12. g4 Rb8 13. Nde2 b4 14. axb4 Rxb4 15. b3 Bb7 16. Bxf6 Bxf6 17. g5 Bxc3+ 18. Nxc3 Nxb3 19. cxb3 Qxc3+ 20. Kf2 0-0 21. Bc4 Qd4+ 22. Qe3 Qxe4 23. Qxe4 Bxe4 24. Rhe1 d5 25. Bxa6 Rxb3 26. Re3 Rxe3 27. Kxe3 g6 28. Bd3 Bxd3 29. Kxd3 Rb8 30. Ra3 Rb1 31. Kd4 Re1 32. Rf3 Kf8 33. Kd3 Ke7 34. Kd4 Kd6 35. Kd3 Re4 36. Rf1 Ra4 37. h4 Re4 38. Rf3 Ke7 39. Kd2 f5 40. Kd3 Kd6 41. Rf1 e5 42. fxe5+ Kxe5 43. h5 Rg4 44. hxg6 Rg3+ 45. Rf3 Rxf3+ 46. Ke2 hxg6 0-1

[Event "Warsaw YMCA Spring-B 199th"]
[Site "Warsaw"]
[Date "2018.06.13"]
[Round "11"]
[White "Mazurek, Jerzy"]
[Black "Adamski, Adam"]
[Result "1-0"]
[WhiteElo "1595"]
[BlackElo "1666"]
[PlyCount "47"]
[EventDate "2018.04.06"]
[EventType "tourn"]
[EventRounds "13"]
[EventCountry "POL"]
[SourceTitle "EXT 2021"]
[Source "ChessBase"]
[SourceDate "2020.10.23"]
[SourceVersion "1"]
[SourceVersionDate "2020.10.23"]
[SourceQuality "1"]

1. e4 c5 2. Nf3 d6 3. d4 cxd4 4. Nxd4 Nf6 5. f3 e5 6. Nb3 a6 7. c4 Be6 8. Nc3 Be7 9. Be3 Nbd7 10. Be2 Rc8 11. Nd5 Bxd5 12. cxd5 0-0 13. 0-0 Nh5 14. Qd2 Nf4 15. Rfc1 Ng6 16. Na5 Rxc1+ 17. Rxc1 Qb8 18. Qb4 b5 19. Nc6 Qe8 20. a4 bxa4 21. Bxa6 Nb8 22. Bb5 Nxc6 23. dxc6 d5 24. Qxa4 1-0

[Event "Warsaw YMCA Spring-B 199th"]
[Site "Warsaw"]
[Date "2018.04.19"]
[Round "3"]
[White "Kwiek, Janusz"]
[Black "Adamski, Adam"]
[Result "1/2-1/2"]
[WhiteElo "1586"]
[BlackElo "1666"]
[PlyCount "123"]
[EventDate "2018.04.06"]
[EventType "tourn"]
[EventRounds "13"]
[EventCountry "POL"]
[SourceTitle "EXT 2021"]
[Source "ChessBase"]
[SourceDate "2020.10.23"]
[SourceVersion "1"]
[SourceVersionDate "2020.10.23"]
[SourceQuality "1"]

1. Nf3 Nf6 2. d4 g6 3. c4 Bg7 4. Nc3 d5 5. e3 0-0 6. Bd3 c5 7. cxd5 cxd4 8. Nxd4 Nxd5 9. Nxd5 Qxd5 10. Qf3 Qxf3 11. Nxf3 Nd7 12. Rb1 Nc5 13. Bc2 Be6 14. b3 Bc3+ 15. Bd2 Bxd2+ 16. Kxd2 Rad8+ 17. Ke2 Bd5 18. Rhd1 Ne4 19. Bxe4 Bxe4 20. Rxd8 Rxd8 21. Rd1 Rc8 22. Ne1 Kf8 23. f3 Bc6 24. e4 e5 25. Ke3 Ke7 26. g3 f6 27. Rd2 Rc7 28. Nd3 Rd7 29. h4 Rd4 30. a3 Kd6 31. b4 b6 32. Nb2 Rxd2 33. Kxd2 f5 34. Ke3 Ke6 35. Nc4 h6 36. Nb2 a5 37. Nc4 axb4 38. axb4 b5 39. Nb2 Kf6 40. Nd3 Be8 41. f4 exf4+ 42. gxf4 fxe4 43. Kxe4 g5 44. fxg5+ hxg5 45. hxg5+ Kxg5 46. Ke5 Kg6 47. Kd6 Kf6 48. Nf4 Kf5 49. Nd5 Bh5 50. Nc3 Be8 51. Kc5 Ke6 52. Nxb5 Kd7 53. Kb6 Bf7 54. Kc5 Bg6 55. Nd6 Bd3 56. Nc4 Kc7 57. b5 Bxc4 58. Kxc4 Kb6 59. Kb4 Kb7 60. Kc5 Kc7 61. b6+ Kb7 62. Kb5 1/2-1/2

[Event "Warsaw YMCA Autumn-C 176th"]
[Site "Warsaw"]
[Date "2016.11.30"]
[Round "11"]
[White "Adamski, Adam"]
[Black "Wrabel, Antoni"]
[Result "1-0"]
[WhiteElo "1653"]
[BlackElo "1637"]
[PlyCount "101"]
[EventDate "2016.09.20"]
[EventType "tourn"]
[EventRounds "13"]
[EventCountry "POL"]
[SourceTitle "EXT 2019"]
[Source "ChessBase"]
[SourceDate "2018.10.10"]
[SourceVersion "1"]
[SourceVersionDate "2018.10.10"]
[SourceQuality "1"]

1. e4 e5 2. Nf3 Nc6 3. d4 exd4 4. Nxd4 Bc5 5. Be3 Qf6 6. c3 Nge7 7. g3 0-0 8. Bg2 d6 9. 0-0 Ne5 10. h3 a5 11. a4 Bd7 12. b3 Rab8 13. Na3 c6 14. f4 N5g6 15. Nc4 Nc8 16. Nxa5 b5 17. axb5 cxb5 18. b4 Bb6 19. Qf3 Re8 20. Nac6 Rb7 21. Qf2 Rc7 22. Nb8 Qe7 23. Nxd7 Qxd7 24. Ra3 Nf8 25. f5 f6 26. Rd1 Rd8 27. Bf1 Bxd4 28. Bxd4 Qc6 29. Qa2+ Kh8 30. Bg2 Qd7 31. Ra6 Rc6 32. Rxc6 Qxc6 33. e5 d5 34. exf6 gxf6 35. Bxd5 Qd6 36. Be6 Qxg3+ 37. Qg2 Qxg2+ 38. Kxg2 Kg7 39. Bxf6+ Kxf6 40. Rxd8 Nxe6 41. fxe6 Ne7 42. Rb8 Nd5 43. Rxb5 Nxc3 44. Rc5 Ne4 45. e7 Nd6 46. Rc6 Kxe7 47. Rxd6 Kxd6 48. Kg3 Kc6 49. Kh4 Kb5 50. Kh5 Kxb4 51. Kh6 1-0